[Event "Pinneberg-ch"]
[Site "Pinneberg"]
[Date "2012.09.13"]
[Round "5"]
[White "Skrypkin, Alexey"]
[Black "Brueckner, Gerhard"]
[Result "1-0"]
[WhiteElo "1346"]
[BlackElo "1903"]
[PlyCount "111"]
[EventDate "2012.08.16"]
[EventType "swiss"]
[EventRounds "7"]
[EventCountry "GER"]
[SourceTitle "EXT 2013"]
[Source "ChessBase"]
[SourceDate "2012.11.22"]
[SourceVersion "1"]
[SourceVersionDate "2012.11.22"]
[SourceQuality "1"]

1. Nf3 Nf6 2. d3 d6 3. g3 g6 4. Bg2 Bg7 5. Nbd2 Nbd7 6. 0-0 0-0 7. e4 e5 8. Re1 Nb6 9. h3 Ne8 10. g4 c6 11. Nf1 Nc7 12. Ng3 Ne6 13. Ne2 Bd7 14. Be3 Qe7 15. Qd2 Rad8 16. Bh6 f6 17. Ng3 Rf7 18. Bxg7 Kxg7 19. Nh4 Rdf8 20. Nhf5+ gxf5 21. Nxf5+ Kh8 22. Nxe7 Rxe7 23. Qa5 Nc8 24. Qb4 Rg7 25. Re3 b6 26. Qd2 Ne7 27. c3 Nf4 28. Rg3 c5 29. d4 cxd4 30. cxd4 Neg6 31. dxe5 dxe5 32. Rc1 Ne6 33. Rd3 Bb5 34. Rd6 Ngf4 35. Qb4 Ba6 36. Rcc6 Re8 37. Qa4 Bb7 38. Rxb6 Ree7 39. Qxa7 Bc8 40. Qa3 Ra7 41. Qb3 Ne2+ 42. Kh2 N2d4 43. Qd5 Rae7 44. Rd8+ Rg8 45. Rxg8+ Kxg8 46. Rb8 Rc7 47. g5 Kg7 48. Rxc8 Rf7 49. gxf6+ Kxf6 50. b4 Rg7 51. b5 Ne2 52. Qd2 N2f4 53. Bf3 Nd4 54. Rf8+ Rf7 55. Rxf7+ Kxf7 56. Qe3 1-0

[Event "Pinneberg-ch"]
[Site "Pinneberg"]
[Date "2012.09.06"]
[Round "4"]
[White "Oelrichs, Manfred"]
[Black "Skrypkin, Alexey"]
[Result "0-1"]
[WhiteElo "1645"]
[BlackElo "1346"]
[PlyCount "92"]
[EventDate "2012.08.16"]
[EventType "swiss"]
[EventRounds "7"]
[EventCountry "GER"]
[SourceTitle "EXT 2013"]
[Source "ChessBase"]
[SourceDate "2012.11.22"]
[SourceVersion "1"]
[SourceVersionDate "2012.11.22"]
[SourceQuality "1"]

1. c4 Nf6 2. g3 g6 3. Bg2 Bg7 4. Nc3 0-0 5. b3 d6 6. Bb2 Nbd7 7. d4 c5 8. Nf3 cxd4 9. Nxd4 Nc5 10. 0-0 Rb8 11. Qc2 Ng4 12. Rad1 a6 13. h3 e5 14. Nf3 Nf6 15. Nxe5 Bf5 16. Qc1 Qc8 17. Nf3 Bxh3 18. Rxd6 Bxg2 19. Kxg2 Re8 20. e3 Qc7 21. Rfd1 Rbd8 22. Qd2 Rxd6 23. Qxd6 Qxd6 24. Rxd6 Nfe4 25. Rd5 Bxc3 26. Bxc3 Nxc3 27. Rxc5 Nxa2 28. Rc7 b5 29. c5 a5 30. Nd4 Nc3 31. c6 a4 32. bxa4 bxa4 33. Rb7 a3 34. c7 Nd5 35. e4 Nxc7 36. Rxc7 Rxe4 37. Nc2 Ra4 38. Rd7 a2 39. Rd1 Rc4 40. Ne3 Rd4 41. Ra1 Rd2 42. Nd1 Rc2 43. Kf1 Kg7 44. Ke1 f5 45. Ne3 Rb2 46. Ng2 Rb1+ 0-1

[Event "Pinneberg-ch"]
[Site "Pinneberg"]
[Date "2012.08.23"]
[Round "2"]
[White "Thomas, Andreas"]
[Black "Skrypkin, Alexey"]
[Result "1-0"]
[WhiteElo "1667"]
[BlackElo "1346"]
[PlyCount "53"]
[EventDate "2012.08.16"]
[EventType "swiss"]
[EventRounds "7"]
[EventCountry "GER"]
[SourceTitle "EXT 2013"]
[Source "ChessBase"]
[SourceDate "2012.11.22"]
[SourceVersion "1"]
[SourceVersionDate "2012.11.22"]
[SourceQuality "1"]

1. e4 c5 2. d4 cxd4 3. c3 dxc3 4. Nxc3 g6 5. Nf3 Bg7 6. e5 Nc6 7. Bc4 e6 8. Bf4 Qa5 9. 0-0 Nxe5 10. Bxe5 Bxe5 11. Nb5 Bxb2 12. Nd6+ Ke7 13. Rb1 Qb4 14. Qe2 Qxd6 15. Rxb2 b6 16. Rd1 Qc5 17. Bd5 Rb8 18. Rc2 Ba6 19. Bc4 Bxc4 20. Rxc4 Qb5 21. Qd3 Nf6 22. Qd6+ Ke8 23. Qxb8+ Ke7 24. Qd6+ Kd8 25. Rc7 Qa4 26. Rdc1 Qa6 27. Ne5 1-0